Joueur des Amériques en Champions League - Statistiques

Statistiques générales
  • Ce quiz a été pris 14 fois
  • Le résultat moyen est 52 sur 128
Statistiques - réponses
Club Pays Joueur % Correct
Real Madrid CF Brésil Éder Militão
89%
Real Madrid CF Uruguay Federico Valverde
89%
Atlético Madrid Argentine Julián Álvarez
89%
Internazionale Milano Argentine Lautaro Martínez
89%
Paris Saint-Germain Brésil Marquinhos
89%
Real Madrid CF Brésil Rodrygo
89%
Real Madrid CF Brésil Vinícius Júnior
89%
FC Bayern München Canada Alphonso Davies
78%
Chelsea FC Argentine Enzo Fernández
78%
Bayer Leverkusen 04 Argentine Equi Fernández
78%
Juventus di Torino Canada Jonathan David
78%
FC Bayern München Colombie Luis Díaz
78%
Sporting Club Portugal Uruguay Maxi Araújo
78%
Union Saint-Gilloise Canada Promise David
78%
FC Barcelone Brésil Raphinha
78%
FC Barcelone Uruguay Ronald Araújo
78%
Paris Saint-Germain Equateur Willian Pacho
78%
Liverpool FC Argentine Alexis MacAllister
67%
Juventus di Torino Brésil Bremer
67%
Tottenham Hotspurs Argentine Cristian Romero
67%
Atalanta di Bergamo Brésil Éderson
67%
Real Madrid CF Brésil Endrick
67%
Chelsea FC Brésil Estêvão
67%
Arsenal FC Brésil Gabriel
67%
Arsenal FC Brésil Gabriel Martinelli
67%
Union Saint-Gilloise Argentine Kevin MacAllister
67%
Chelsea FC Equateur Moisés Caicedo
67%
Manchester City Brésil Savinho
67%
Club Brugge KV Argentine Zaid Romero
67%
Newcastle United Brésil Bruno Guimarães
56%
AS Monaco Brésil Caio Henrique
56%
Bayer Leverkusen 04 Argentine Exequiel Palacios
56%
Real Madrid CF Argentine Franco Mastantuono
56%
Arsenal FC Brésil Gabriel Jesus
56%
Atlético Madrid Argentine Giuliano Simeone
56%
Newcastle United Brésil Joelinton
56%
SSC Napoli Brésil Juan Jesus
56%
Olympique de Marseille Argentine Leonardo Balerdi
56%
Paris Saint-Germain Brésil Lucas Beraldo
56%
Internazionale Milano Brésil Luis Henrique
56%
Arsenal FC Equateur Piero Hincapié
56%
Tottenham Hotspurs Brésil Richarlison
56%
Internazionale Milano Argentine Tomás Palacios
56%
Borussia Dortmund Argentine Aarón Anselmino
44%
Chelsea FC Argentine Alejandro Garnacho
44%
Sporting Club Portugal Brésil Alisson Santos
44%
Pafos FC Brésil Anderson Silva
44%
Chelsea FC Brésil Andrey Santos
44%
Internazionale Milano Brésil Carlos Augusto
44%
Pafos FC Brésil David Luiz
44%
SSC Napoli Brésil David Neres
44%
Galatasaray SK Colombie Davinson Sánchez
44%
Olympique de Marseille Argentine Facundo Medina
44%
Olympique de Marseille Brésil Igor Paixão
44%
Chelsea FC Brésil João Pedro
44%
Atlético Madrid Uruguay José María Giménez
44%
Juventus di Torino Colombie Juan Cabal
44%
Eintracht Frankfurt Brésil Kauã Santos
44%
Qarabag FK Colombie Kevin Medina
44%
Villarreal CF Brésil Luiz Júnior
44%
Qarabag FK Brésil Matheus Silva
44%
Atlético Madrid Argentine Nahuel Molina
44%
Tottenham Hotspurs Uruguay Rodrigo Bentancur
44%
Olympique de Marseille Etats-Unis Timothy Weah
44%
Juventus di Torino Etats-Unis Weston McKennie
44%
Liverpool FC Brésil Alisson Becker
33%
Bayer Leverkusen 04 Argentine Claudio Echeverri
33%
AS Monaco Etats-Unis Folarin Balogun
33%
Olympique de Marseille Argentine Gerónimo Rulli
33%
Club Brugge KV Equateur Joel Ordóñez
33%
Villarreal CF Argentine Juan Foyth
33%
Atlético Madrid Argentine Juan Musso
33%
Union Saint-Gilloise Equateur Kevin Rodríguez
33%
Sporting Club Portugal Colombie Luis Suárez
33%
SSC Napoli Uruguay Mathías Olivera
33%
Olympique de Marseille Panama Michael "Amir" Murillo
33%
SL Benfica Argentine Nicolás Otamendi
33%
SL Benfica Colombie Richard Ríos
33%
Atlético Madrid Argentine Thiago Almada
33%
AS Monaco Brésil Vanderson
33%
Borussia Dortmund Brésil Yan Couto
33%
Bayer Leverkusen 04 Argentine Alejo Sarco
22%
Athletic Bilbao Mexique Álex Padilla
22%
PSV Eindhoven Curação Armando Obispo
22%
Pafos FC Brésil Bruno
22%
SL Benfica Argentine Enzo Barrenechea
22%
Chelsea FC Argentine Facundo Buonanotte
22%
Olympiakos Pireas Argentine Francisco Ortega
22%
FC Kobenhavn Brésil Gabriel Pereira
22%
Galatasaray SK Brésil Gabriel Sara
22%
SL Benfica Argentine Gianluca Prestianni
22%
Atlético Madrid Etats-Unis Johnny Cardoso
22%
Olympiakos Pireas Argentine Lorenzo Scipioni
22%
Bayer Leverkusen 04 Etats-Unis Malik Tillman
22%
FC Kobenhavn Pérou Marcos López
22%
Sporting Club Portugal Brésil Matheus Reis
22%
Galatasaray SK Argentine Mauro Icardi
22%
Atlético Madrid Argentine Nico González
22%
PSV Eindhoven Etats-Unis Ricardo Pepi
22%
Olympiakos Pireas Argentine Santiago Hezze
22%
Villarreal CF Canada Tajon Buchanan
22%
Bayer Leverkusen 04 Brésil Arthur
11%
Qarabag FK Colombie Camilo Durán
11%
Borussia Dortmund Etats-Unis Cole Campbell
11%
Kairat Almaty Brésil Edmilson
11%
Kairat Almaty Brésil Élder Santana
11%
Chelsea FC Etats-Unis Gabriel Slonina
11%
Union Saint-Gilloise Brésil Guilherme Smith
11%
Olympiakos Pireas Brésil Gustavo Mancha
11%
Pafos FC Brésil Jajá
11%
Kairat Almaty Brésil João Paulo
11%
Qarabag FK Brésil Kady Borges
11%
Ajax Amsterdam Brésil Lucas Rosa
11%
Galatasaray SK Uruguay Lucas Torreira
11%
PSV Eindhoven Brésil Mauro Júnior
11%
Pafos FC Brésil Pedrão
11%
Qarabag FK Brésil Pedro Bicalho
11%
Kairat Almaty Brésil Ricardinho
11%
Olympiakos Pireas Brésil Rodinei
11%
FC Kobenhavn Mexique Rodrigo Huescas
11%
Villarreal CF Uruguay Santiago Mouriño
11%
PSV Eindhoven Etats-Unis Sergiño Dest
11%
Villarreal CF Canada Tani Oluwaseyi
11%
Eintracht Frankfurt Etats-Unis Timothy Chandler
11%
Atalanta di Bergamo Etats-Unis Yunus Musah
11%
Qarabag FK Brésil Dani Bolt
0%
Olympiakos Pireas Brésil Gabriel Strefezza
0%
FC Kobenhavn Brésil Robert
0%
Aucun quiz correspondant
Distribution des résultats
% des personnes avec chaque résultat
Percentile par nombre de réponses
Votre historique - résultats
Vous n’avez pas pris ce quiz